King Of Beggars [
General viewing for all ages (U)
| Format: | Book |
|---|---|
| Published: |
s.l. :
s.n. ,
19-
|
| Subjects: |
MARC
| LEADER | 00000cam a2200000 7i4500 | ||
|---|---|---|---|
| 001 | 0000129260 | ||
| 005 | 20090710.0 | ||
| 090 | 0 | 0 | |a F |b KIN |
| 245 | 0 | 0 | |a King Of Beggars [ |h video compact disc] |
| 260 | |a s.l. : |b s.n. , |c 19- | ||
| 300 | |a 2 Video compact disc (95 minutes) : |b col | ||
| 500 | |a Library has 2 copies | ||
| 520 | 0 | |a General viewing for all ages (U) | |
| 650 | 0 | 0 | |a Movies, Chinese |
| 999 | |a AV 22480 |b VIDEO COMPACT DISC |c PINJAMAN |e PERPUSTAKAAN KOMUNITI PETALING JAYA | ||
| 999 | |a AV 22481 |b VIDEO COMPACT DISC |c PINJAMAN |e PERPUSTAKAAN KOMUNITI PETALING JAYA | ||